Administration publique

保存先:
書誌詳細
主要な著者: Gournay, Bernard (著者), Kesler, Jean-François (著者), Siwek-Pouydesseau, Jeanne (著者)
フォーマット: 図書
言語:フランス語
出版事項: París Universitaires de France 1967
シリーズ:Thémis
主題:
タグ: タグ追加
タグなし, このレコードへの初めてのタグを付けませんか!

MARC

LEADER 00000nam a2200000 a 4500
001 UCS0710
003 CL-VaPUC
008 970426e19670000FR |||||||||||||||||fre|d
082 0 4 |a 342.06  |b GOU  |2 21 
100 |a Gournay, Bernard  |e author  |9 391143 
700 0 |a Kesler, Jean-François  |e author  |9 384519 
700 0 |a Siwek-Pouydesseau, Jeanne  |e author  |9 384520 
245 1 0 |a Administration publique 
300 |a 516 p 
942 |c BK 
945 |d 19970426 00:00:00  |a lriquelm 
260 |a París  |b Universitaires de France  |c 1967 
650 0 |a Administración pública   |9 255343 
650 7 |a ORGANIZACION ADMINISTRATIVA  |2 CL-VaPUC  |9 257438 
650 7 |a EMPLEADOS PUBLICOS  |2 CL-VaPUC  |9 256133 
650 0 |a Municipalidades   |9 255557 
650 7 |a GOBIERNO Y ADMINISTRACION  |2 CL-VaPUC  |9 258649 
583 |a last modification  |c 20170612 01:36:40  |k Rodrigo Vera 
490 0 |a Thémis 
999 |c 258927  |d 258925 
952 |0 0  |1 0  |4 0  |6 342_060000000000000_GOU_1967  |7 0  |8 A  |9 283337  |a BIBDER  |b BIBDER  |d 2019-11-19  |i 1834878  |o 342.06 GOU 1967  |p 1834878  |r 2023-01-25  |w 2019-11-19  |y BK  |k DER